000
00341nam a22001457a 4500
008
250417b ||||| |||| 00| 0 eng d
020
_a
9781840227635
041
_a
eng
080
_2
2023
_a
82STE
082
_2
82STE
100
_a
01
101
_a
GJUHE DHE LETERSI
245
_a
TREASURE ISLAND
_c
ROBERT LOUIS STEVENSON
942
_2
udc
_c
BK
999
_c
60659
_d
60659